[Event "43. Olimpiada Batumi 2018 Femenina"]
[Site "Batumi GEO"]
[Date "2018.10.03"]
[Round "9.1"]
[White "Stojkovska, Monika"]
[Black "Mezioud, Amina"]
[Result "1-0"]
[WhiteElo "2106"]
[BlackElo "2056"]
[PlyCount "63"]
[EventDate "2018.09.24"]
[EventType "team-swiss"]
[EventRounds "11"]
[EventCountry "GEO"]
[SourceTitle "Ajedrez en Madrid"]
[Source "lmi"]
[SourceDate "2018.09.24"]
[WhiteTeam "FYR Macedonia"]
[BlackTeam "Algeria"]
[BlackTeamCountry "ALG"]

1. d4 Nf6 2. c4 e6 3. Nc3 c5 4. d5 exd5 5. cxd5 d6 6. e4 a6 7. f4 b5 8. e5 b4
9. exf6 bxc3 10. Qe2+ Kd7 11. fxg7 Bxg7 12. Qg4+ Kc7 13. Qxg7 Qe8+ 14. Ne2 c2
15. Qc3 Bf5 16. Be3 Nd7 17. Ng3 Be4 18. Nxe4 Qxe4 19. Kf2 Rhg8 20. Rg1 Qxd5 21.
Be2 Rae8 22. Bf3 Qe6 23. Rac1 Re7 24. Rxc2 Rge8 25. Qa5+ Kb8 26. Rc3 d5 27.
Bxc5 Nxc5 28. Qxc5 Rb7 29. b3 Qf6 30. g3 d4 31. Bxb7 dxc3 32. Bc6 1-0

[Event "43. Olimpiada Batumi 2018 Femenina"]
[Site "Batumi GEO"]
[Date "2018.10.03"]
[Round "9.2"]
[White "Latreche, Sabrina"]
[Black "Koskoska, Gabriela"]
[Result "1/2-1/2"]
[WhiteElo "2056"]
[BlackElo "2026"]
[PlyCount "137"]
[EventDate "2018.09.24"]
[EventType "team-swiss"]
[EventRounds "11"]
[EventCountry "GEO"]
[SourceTitle "Ajedrez en Madrid"]
[Source "lmi"]
[SourceDate "2018.09.24"]
[WhiteTeam "Algeria"]
[BlackTeam "FYR Macedonia"]
[WhiteTeamCountry "ALG"]

1. e4 c6 2. d4 d5 3. exd5 cxd5 4. Bd3 Nc6 5. c3 Nf6 6. Bf4 Bg4 7. f3 Bh5 8. Ne2
e6 9. Qb3 Qc8 10. O-O Bg6 11. Qd1 Be7 12. Ng3 O-O 13. Re1 a6 14. a4 Qd7 15.
Bxg6 hxg6 16. Qd3 Na5 17. Nd2 b5 18. axb5 axb5 19. b4 Nc4 20. Nb3 Qc6 21. Ne2
Nd7 22. Bg3 Ndb6 23. h4 Nd6 24. Bf2 Nf5 25. g3 Nc4 26. Nf4 Rxa1 27. Rxa1 Ra8
28. Qb1 Ra6 29. Nd3 Qa8 30. Ndc5 Rxa1 31. Qxa1 Qxa1+ 32. Nxa1 Nd2 33. Kg2 Nb1
34. Be1 Ne3+ 35. Kf2 Nd1+ 36. Ke2 Ndxc3+ 37. Kd3 Na4 38. Kc2 Na3+ 39. Kb3 Nc4
40. Nxa4 bxa4+ 41. Kxa4 Nd6 42. b5 Nc4 43. Nb3 Kf8 44. Na5 Nb6+ 45. Kb3 Ke8 46.
Nc6 Bd6 47. f4 f6 48. Na5 Kd7 49. Nb7 Nc4 50. Nc5+ Ke7 51. Nd3 Ne3 52. Ka4 Nc4
53. Bc3 g5 54. hxg5 fxg5 55. Ne5 gxf4 56. gxf4 Bxe5 57. dxe5 Kd7 58. Bd4 Kc7
59. Kb4 Nd2 60. b6+ Kc6 61. f5 exf5 62. e6 Nc4 63. e7 Nd6 64. b7 Kxb7 65. Kc5
Ne8 66. Kxd5 Kc8 67. Ke5 Kd7 68. Kxf5 Kxe7 69. Bxg7 1/2-1/2

[Event "43. Olimpiada Batumi 2018 Femenina"]
[Site "Batumi GEO"]
[Date "2018.10.03"]
[Round "9.3"]
[White "Nikolovska, Dragana"]
[Black "Toubal, Hayat"]
[Result "1/2-1/2"]
[WhiteElo "1856"]
[BlackElo "1862"]
[PlyCount "111"]
[EventDate "2018.09.24"]
[EventType "team-swiss"]
[EventRounds "11"]
[EventCountry "GEO"]
[SourceTitle "Ajedrez en Madrid"]
[Source "lmi"]
[SourceDate "2018.09.24"]
[WhiteTeam "FYR Macedonia"]
[BlackTeam "Algeria"]
[BlackTeamCountry "ALG"]

1. e4 c6 2. d4 d5 3. exd5 cxd5 4. Bd3 Nc6 5. c3 Qc7 6. h3 Nf6 7. Nf3 e6 8. O-O
Bd6 9. Re1 h6 10. Nbd2 O-O 11. Nb3 b6 12. Nh4 Bd7 13. Bc2 Rac8 14. Bd2 Rfe8 15.
Rc1 a5 16. a4 Ne7 17. Qf3 Ne4 18. Bxe4 dxe4 19. Qxe4 Bxa4 20. Na1 Bd7 21. Nc2
Nd5 22. Ne3 Nf6 23. Qd3 Bc6 24. Nf1 Rcd8 25. Rcd1 Qb7 26. Ng3 Qc7 27. Nf1 Ba4
28. Ra1 Bb3 29. Qf3 Bd5 30. Qd3 Rd7 31. Ne3 Be4 32. Qe2 Bh7 33. Ng4 Nxg4 34.
Qxg4 Kh8 35. Qh5 Bh2+ 36. Kh1 Bd6 37. Kg1 Red8 38. Be3 Qc6 39. Nf3 Bg6 40. Qg4
Qb5 41. Bc1 Bf5 42. Qh4 Kg8 43. Ne5 Bxe5 44. Rxe5 Qb3 45. Qg3 Kh7 46. Qf3 Rd5
47. Qe2 Rxe5 48. Qxe5 Rd5 49. Qe2 Rd7 50. Ra3 Qd5 51. Bf4 Bg6 52. Ra1 Qb3 53.
Ra3 Qd5 54. Ra1 Qb3 55. Ra3 Qd5 56. Ra1 1/2-1/2

[Event "43. Olimpiada Batumi 2018 Femenina"]
[Site "Batumi GEO"]
[Date "2018.10.03"]
[Round "9.4"]
[White "Nassr, Rania"]
[Black "Petrovska, Katerina"]
[Result "1/2-1/2"]
[WhiteElo "1901"]
[BlackElo "1966"]
[PlyCount "107"]
[EventDate "2018.09.24"]
[EventType "team-swiss"]
[EventRounds "11"]
[EventCountry "GEO"]
[SourceTitle "Ajedrez en Madrid"]
[Source "lmi"]
[SourceDate "2018.09.24"]
[WhiteTeam "Algeria"]
[BlackTeam "FYR Macedonia"]
[WhiteTeamCountry "ALG"]

1. d4 d5 2. Nf3 e6 3. b3 Nf6 4. Bb2 c5 5. e3 Nc6 6. a3 a6 7. Nbd2 Bd6 8. Bd3
O-O 9. O-O b5 10. c4 Rb8 11. cxb5 axb5 12. dxc5 Bc7 13. Nd4 Nxd4 14. exd4 e5
15. dxe5 Ng4 16. h3 Nxe5 17. Bxe5 Bxe5 18. Bxh7+ Kxh7 19. Qh5+ Kg8 20. Qxe5 Bb7
21. Qd4 Re8 22. Rfe1 Qa5 23. Re3 Rxe3 24. fxe3 Re8 25. a4 b4 26. Rc1 Bc6 27.
Rf1 Qc7 28. Rf4 Bd7 29. Qxd5 Bc6 30. Qd4 Rd8 31. Qxb4 Qe5 32. Rf2 Qxe3 33. Qf4
Qxf4 34. Rxf4 Rxd2 35. Rf2 Rd1+ 36. Kh2 Rb1 37. Kg3 Rxb3+ 38. Kf4 Bxa4 39. Ke5
Rc3 40. Kd6 g6 41. Ra2 Bb5 42. Rb2 Bc4 43. c6 Be6 44. Rb5 Rd3+ 45. Ke7 Rc3 46.
Kd6 Rc2 47. Rg5 Kg7 48. c7 Kf6 49. Rg3 Rd2+ 50. Kc6 Rc2+ 51. Kd6 g5 52. Rf3+
Kg6 53. g4 Rd2+ 54. Kc5 1/2-1/2

[Event "43. Olimpiada Batumi 2018 Femenina"]
[Site "Batumi GEO"]
[Date "2018.10.03"]
[Round "9.1"]
[White "Castillo Pena, Patricia Evarista"]
[Black "Atikankhotchasee, Manunthon"]
[Result "0-1"]
[WhiteElo "1810"]
[BlackElo "1667"]
[PlyCount "90"]
[EventDate "2018.09.24"]
[EventType "team-swiss"]
[EventRounds "11"]
[EventCountry "GEO"]
[SourceTitle "Ajedrez en Madrid"]
[Source "lmi"]
[SourceDate "2018.09.24"]
[WhiteTeam "Dominican Republic"]
[BlackTeam "Thailand"]
[WhiteTeamCountry "DOM"]
[BlackTeamCountry "THA"]

1. c4 c5 2. Nc3 Nc6 3. g3 g6 4. Bg2 Bg7 5. Nf3 e6 6. O-O Nge7 7. e4 O-O 8. d3
d6 9. Bg5 h6 10. Be3 a6 11. Qd2 Kh7 12. d4 cxd4 13. Nxd4 Ne5 14. Qe2 Bd7 15.
Rac1 Rc8 16. b3 Qa5 17. f4 N5c6 18. Rfd1 d5 19. exd5 exd5 20. Nxd5 Rfe8 21.
Nxc6 Bxc6 22. Nxe7 Rxe7 23. Qf2 Rce8 24. Bxc6 bxc6 25. Bb6 Qh5 26. Qf1 Re2 27.
Bf2 Rxa2 28. Re1 Rd8 29. Rcd1 Bd4 30. Rxd4 Rxd4 31. h4 Rdd2 32. Be3 Rdc2 33.
Rc1 Re2 34. Re1 Rh2 35. Bf2 Rhxf2 36. Qxf2 Rxf2 37. Kxf2 Qf5 38. Re3 h5 39. Ke2
Kg7 40. Kd2 Qb1 41. Ke2 Kf6 42. Kf3 Qd1+ 43. Kg2 a5 44. Kf2 a4 45. bxa4 Qxa4
0-1

[Event "43. Olimpiada Batumi 2018 Femenina"]
[Site "Batumi GEO"]
[Date "2018.10.03"]
[Round "9.2"]
[White "Chuemsakul, Sarocha"]
[Black "Hazim Gonzalez, Elizabeth"]
[Result "0-1"]
[WhiteElo "1620"]
[BlackElo "1748"]
[PlyCount "62"]
[EventDate "2018.09.24"]
[EventType "team-swiss"]
[EventRounds "11"]
[EventCountry "GEO"]
[SourceTitle "Ajedrez en Madrid"]
[Source "lmi"]
[SourceDate "2018.09.24"]
[WhiteTeam "Thailand"]
[BlackTeam "Dominican Republic"]
[WhiteTeamCountry "THA"]
[BlackTeamCountry "DOM"]

1. d4 Nf6 2. Nc3 g6 3. e4 d6 4. Bg5 Bg7 5. e5 dxe5 6. dxe5 Nfd7 7. e6 Bxc3+ 8.
bxc3 fxe6 9. Qd4 Nf6 10. Qe3 Qd5 11. Be2 Nc6 12. Bf3 Qc4 13. Ne2 O-O 14. h4 Nd5
15. Qd2 Ne5 16. h5 Rxf3 17. hxg6 Qc5 18. gxh7+ Kh8 19. Be3 Rxe3 20. fxe3 Qxe3
21. Qd4 Qxd4 22. cxd4 Ng4 23. Rh4 Nge3 24. Kf2 Bd7 25. g4 Rf8+ 26. Kg3 Bc6 27.
Rh6 Nf6 28. Nf4 Be4 29. g5 Nf5+ 30. Kh3 Nxh6 31. Nxe6 Bf5+ 0-1

[Event "43. Olimpiada Batumi 2018 Femenina"]
[Site "Batumi GEO"]
[Date "2018.10.03"]
[Round "9.3"]
[White "Diaz Cesar, Wilsaida Pieranlly"]
[Black "Prommuang, Araya"]
[Result "1-0"]
[WhiteElo "1815"]
[BlackElo "1495"]
[PlyCount "107"]
[EventDate "2018.09.24"]
[EventType "team-swiss"]
[EventRounds "11"]
[EventCountry "GEO"]
[SourceTitle "Ajedrez en Madrid"]
[Source "lmi"]
[SourceDate "2018.09.24"]
[WhiteTeam "Dominican Republic"]
[BlackTeam "Thailand"]
[WhiteTeamCountry "DOM"]
[BlackTeamCountry "THA"]

1. d4 d5 2. Nf3 Nf6 3. Bf4 Bf5 4. e3 e6 5. Bd3 Bg6 6. O-O Be7 7. c4 O-O 8. Nc3
dxc4 9. Bxc4 Nbd7 10. Qe2 c5 11. d5 exd5 12. Nxd5 Nxd5 13. Bxd5 Qb6 14. Rac1
Nf6 15. Bb3 Rfd8 16. Ne5 Ne4 17. Nxg6 Qxg6 18. Rfd1 Rac8 19. Rxd8+ Rxd8 20. Rd1
Rxd1+ 21. Qxd1 h6 22. f3 Ng5 23. Bg3 Qb6 24. Bf2 Bf6 25. Qd7 c4 26. Qe8+ Kh7
27. Bxc4 Qxb2 28. h4 Qc1+ 29. Bf1 Ne6 30. Qxf7 Nd8 31. Qc4 Qxc4 32. Bxc4 a6 33.
f4 b5 34. Bd5 g5 35. hxg5 hxg5 36. g3 a5 37. Be1 a4 38. Ba5 gxf4 39. gxf4 Kg6
40. Kf2 Nf7 41. Kf3 Nd6 42. e4 Nc4 43. Bb4 Bb2 44. Bc6 Kf6 45. Bxb5 Ne5+ 46.
fxe5+ Kxe5 47. Bxa4 Bd4 48. Bc6 Ke6 49. a4 Ke5 50. a5 Ke6 51. a6 Bb6 52. Ba5
Ba7 53. Bc7 Ke7 54. e5 1-0

[Event "43. Olimpiada Batumi 2018 Femenina"]
[Site "Batumi GEO"]
[Date "2018.10.03"]
[Round "9.4"]
[White "Buhagiar, Melita Sunan"]
[Black "Villar Acevedo, Darlin Rocio"]
[Result "1/2-1/2"]
[WhiteElo "1378"]
[BlackElo "1765"]
[PlyCount "82"]
[EventDate "2018.09.24"]
[EventType "team-swiss"]
[EventRounds "11"]
[EventCountry "GEO"]
[SourceTitle "Ajedrez en Madrid"]
[Source "lmi"]
[SourceDate "2018.09.24"]
[WhiteTeam "Thailand"]
[BlackTeam "Dominican Republic"]
[WhiteTeamCountry "THA"]
[BlackTeamCountry "DOM"]

1. d4 d5 2. c4 e6 3. Nf3 f5 4. Nc3 Nf6 5. Bf4 c6 6. e3 Be7 7. Bd3 O-O 8. O-O
Nh5 9. Be5 Nd7 10. h3 Nxe5 11. Nxe5 Nf6 12. Ne2 Bd7 13. Nf4 g5 14. Nh5 Be8 15.
Ng3 Ne4 16. Ne2 Kh8 17. f3 Nd6 18. g4 Nf7 19. Nxf7+ Rxf7 20. Qc2 Bd7 21. Ng3
Bd6 22. Kg2 Qe7 23. Nh5 Rg8 24. Rae1 e5 25. e4 fxe4 26. fxe4 Rxf1 27. Rxf1 exd4
28. exd5 Qe5 29. Kg1 Rf8 30. Rxf8+ Bxf8 31. Qe2 Qxe2 32. Bxe2 cxd5 33. cxd5 Bb4
34. Kf2 Be8 35. Nf6 Bg6 36. Bf3 Kg7 37. Ne4 Bxe4 38. Bxe4 h6 39. a3 Bd6 40. Ke2
Kf6 41. Kd3 Ke5 1/2-1/2

[Event "43. Olimpiada Batumi 2018 Femenina"]
[Site "Batumi GEO"]
[Date "2018.10.03"]
[Round "9.1"]
[White "Rodriguez Arrieta, Maria Elena"]
[Black "Tsolakidou, Stavroula"]
[Result "0-1"]
[WhiteElo "1943"]
[BlackElo "2393"]
[PlyCount "86"]
[EventDate "2018.09.24"]
[EventType "team-swiss"]
[EventRounds "11"]
[EventCountry "GEO"]
[SourceTitle "Ajedrez en Madrid"]
[Source "lmi"]
[SourceDate "2018.09.24"]
[WhiteTeam "Costa Rica"]
[BlackTeam "Greece"]
[WhiteTeamCountry "CRI"]
[BlackTeamCountry "GRE"]

1. e4 c5 2. Nf3 d6 3. Bb5+ Nd7 4. d4 cxd4 5. Qxd4 a6 6. Bxd7+ Bxd7 7. c4 e5 8.
Qd3 Rc8 9. Nc3 Qc7 10. b3 b5 11. Nd5 Qc6 12. Nd2 Nf6 13. O-O Nxd5 14. cxd5 Qb6
15. Kh1 Be7 16. f4 exf4 17. Bb2 Qe3 18. Qxe3 fxe3 19. Nf3 O-O 20. Bd4 e2 21.
Rf2 Rc2 22. Ne1 Rc7 23. Rxe2 Rfc8 24. h3 b4 25. Kh2 Bb5 26. Rf2 Bg5 27. Nf3
Bf4+ 28. g3 Bh6 29. e5 Rd7 30. Rd1 dxe5 31. Nxe5 Rxd5 32. Nxf7 Be3 33. Bxe3
Rxd1 34. Ng5 Bc6 35. g4 h6 36. Nf7 Rf8 37. Ne5 Rxf2+ 38. Bxf2 Bd5 39. Kg3 Ra1
40. Nd3 a5 41. Bb6 Rxa2 42. Nc1 Ra1 43. Be3 Rb1 0-1

[Event "43. Olimpiada Batumi 2018 Femenina"]
[Site "Batumi GEO"]
[Date "2018.10.03"]
[Round "9.2"]
[White "Avramidou, Anastasia"]
[Black "Gamboa Alvarado, Olga Leticia"]
[Result "1-0"]
[WhiteElo "2260"]
[BlackElo "1869"]
[PlyCount "147"]
[EventDate "2018.09.24"]
[EventType "team-swiss"]
[EventRounds "11"]
[EventCountry "GEO"]
[SourceTitle "Ajedrez en Madrid"]
[Source "lmi"]
[SourceDate "2018.09.24"]
[WhiteTeam "Greece"]
[BlackTeam "Costa Rica"]
[WhiteTeamCountry "GRE"]
[BlackTeamCountry "CRI"]

1. d4 Nf6 2. c4 e6 3. Nf3 Bb4+ 4. Bd2 Qe7 5. Nc3 Bxc3 6. Bxc3 Ne4 7. Qc2 Nxc3
8. Qxc3 d6 9. g3 Nd7 10. Bg2 O-O 11. O-O e5 12. e3 f5 13. Rac1 c6 14. c5 e4 15.
cxd6 Qxd6 16. Nd2 Nb6 17. Nb3 Nd5 18. Qd2 Qh6 19. Rfe1 g5 20. f3 f4 21. fxe4
Nxe3 22. Rxe3 fxe3 23. Qxe3 Qg7 24. Nc5 Rd8 25. e5 h6 26. Rf1 Rf8 27. Re1 Bf5
28. Qb3+ Kh8 29. Qxb7 Rab8 30. Qxg7+ Kxg7 31. e6 Rfc8 32. b3 Bg6 33. e7 Bf7 34.
Bh3 Rh8 35. Ne4 Be8 36. Nd6 Rb4 37. Nxe8+ Rxe8 38. Bd7 Kf7 39. Bxe8+ Kxe8 40.
Re4 c5 41. Kf2 cxd4 42. Ke2 Rb7 43. Kd3 Rc7 44. Re2 Rd7 45. b4 Rb7 46. a3 a5
47. bxa5 Rb3+ 48. Kxd4 Rxa3 49. Re5 Ra2 50. h3 Ra3 51. h4 gxh4 52. gxh4 Ra4+
53. Kc3 Rxh4 54. Kb3 Rh1 55. Re2 Ra1 56. Ra2 Rb1+ 57. Kc4 Kxe7 58. a6 Rb8 59.
a7 Ra8 60. Kc5 Kf6 61. Kb6 Kg5 62. Kb7 Rxa7+ 63. Rxa7 h5 64. Kc6 h4 65. Kd5 Kf4
66. Rf7+ Kg3 67. Rg7+ Kf3 68. Rh7 Kg3 69. Ke4 h3 70. Ke3 Kg2 71. Rg7+ Kh1 72.
Kf2 h2 73. Kg3 Kg1 74. Kh3+ 1-0

[Event "43. Olimpiada Batumi 2018 Femenina"]
[Site "Batumi GEO"]
[Date "2018.10.03"]
[Round "9.3"]
[White "Castillo Morales, Thais"]
[Black "Pavlidou, Ekaterini"]
[Result "1/2-1/2"]
[WhiteElo "1925"]
[BlackElo "2194"]
[PlyCount "87"]
[EventDate "2018.09.24"]
[EventType "team-swiss"]
[EventRounds "11"]
[EventCountry "GEO"]
[SourceTitle "Ajedrez en Madrid"]
[Source "lmi"]
[SourceDate "2018.09.24"]
[WhiteTeam "Costa Rica"]
[BlackTeam "Greece"]
[WhiteTeamCountry "CRI"]
[BlackTeamCountry "GRE"]

1. c4 e5 2. g3 Nc6 3. Bg2 f5 4. Nc3 Nf6 5. d3 Bb4 6. Nf3 d6 7. O-O Bxc3 8. bxc3
O-O 9. Rb1 h6 10. Nd2 Qe8 11. e3 Kh8 12. Ba3 f4 13. exf4 exf4 14. Re1 Qg6 15.
Ne4 Ng4 16. f3 Nf6 17. Nxf6 Rxf6 18. g4 b6 19. d4 Bd7 20. Bf1 a6 21. c5 bxc5
22. dxc5 Ne5 23. cxd6 cxd6 24. Rb6 Bxg4 25. fxg4 f3 26. Rxe5 Qxg4+ 27. Kh1 dxe5
28. Rxf6 gxf6 29. Qd5 Rg8 30. Bc5 Qf4 31. Bf2 h5 32. Qf7 Qg5 33. c4 Rd8 34. c5
Rd1 35. Qf8+ Kh7 36. Qf7+ Kh6 37. Qf8+ Kg6 38. Qg8+ Kf5 39. Qc8+ Kf4 40. Bg3+
Ke3 41. Qxa6 Qg6 42. Qa3+ Kd2 43. Qxf3 Qg4 44. Qd3+ 1/2-1/2

[Event "43. Olimpiada Batumi 2018 Femenina"]
[Site "Batumi GEO"]
[Date "2018.10.03"]
[Round "9.4"]
[White "Markantonaki, Haritomeni"]
[Black "Morera Campos, Yanori Maria"]
[Result "1-0"]
[WhiteElo "2149"]
[BlackElo "1907"]
[PlyCount "123"]
[EventDate "2018.09.24"]
[EventType "team-swiss"]
[EventRounds "11"]
[EventCountry "GEO"]
[SourceTitle "Ajedrez en Madrid"]
[Source "lmi"]
[SourceDate "2018.09.24"]
[WhiteTeam "Greece"]
[BlackTeam "Costa Rica"]
[WhiteTeamCountry "GRE"]
[BlackTeamCountry "CRI"]

1. e4 d5 2. exd5 Nf6 3. Nf3 Bg4 4. Be2 Qxd5 5. Nc3 Qd8 6. d4 e6 7. h3 Bh5 8. g4
Bg6 9. Ne5 Nbd7 10. Nxg6 hxg6 11. Bg5 c6 12. Qd3 Qa5 13. Bd2 Bb4 14. a3 O-O-O
15. Qc4 Bxc3 16. Bxc3 Qd5 17. Qxd5 exd5 18. f3 Rde8 19. Kf2 Nf8 20. b4 Ne6 21.
b5 Kd7 22. Rab1 Rb8 23. Kg3 Rhe8 24. Bd3 c5 25. dxc5 Nxc5 26. Rhd1 Nxd3 27.
Rxd3 Re2 28. Bxf6 gxf6 29. Rxd5+ Ke6 30. c4 Rc8 31. Rd4 Rc5 32. Rbd1 Rc7 33. a4
b6 34. Rd6+ Ke7 35. R6d4 g5 36. Ra1 Rc2 37. Re1+ Kf8 38. Rd8+ Kg7 39. Ree8 f5
40. gxf5 R2xc4 41. Rg8+ Kf6 42. Rd6+ Ke5 43. Rh6 Kxf5 44. Rd8 R4c5 45. Rhd6 Rc4
46. Rd5+ Kf6 47. Rg8 Ke6 48. Rdxg5 Rxa4 49. h4 Rc3 50. Re8+ Kf6 51. Ree5 Ra1
52. Rgf5+ Kg7 53. Re7 Rc5 54. Rexf7+ Kg8 55. h5 Rxf5 56. Rxf5 Ra5 57. Kg4 a6
58. bxa6 Rxa6 59. f4 Ra1 60. Rb5 Rg1+ 61. Kf5 Rh1 62. Rxb6 1-0

[Event "43. Olimpiada Batumi 2018 Femenina"]
[Site "Batumi GEO"]
[Date "2018.10.03"]
[Round "9.1"]
[White "Milovic, Aleksandra"]
[Black "Milligan, Helen"]
[Result "1-0"]
[WhiteElo "2176"]
[BlackElo "1942"]
[PlyCount "63"]
[EventDate "2018.09.24"]
[EventType "team-swiss"]
[EventRounds "11"]
[EventCountry "GEO"]
[SourceTitle "Ajedrez en Madrid"]
[Source "lmi"]
[SourceDate "2018.09.24"]
[WhiteTeam "Montenegro"]
[BlackTeam "New Zealand"]
[WhiteTeamCountry "MNE"]
[BlackTeamCountry "NZL"]

1. d4 Nf6 2. Bg5 c5 3. Nf3 Qb6 4. Nc3 h6 5. dxc5 Qxc5 6. Be3 Qa5 7. Bd2 Nc6 8.
e4 d6 9. Bc4 e6 10. Qe2 a6 11. O-O-O Qc7 12. Bf4 e5 13. Nd5 Nxd5 14. exd5 Na5
15. Bd3 Bg4 16. h3 Bxf3 17. gxf3 b5 18. Bd2 Nb7 19. f4 Nc5 20. fxe5 Nxd3+ 21.
Qxd3 dxe5 22. f4 Bd6 23. fxe5 Bxe5 24. d6 Qc4 25. d7+ Kd8 26. Ba5+ Bc7 27.
Bxc7+ Qxc7 28. Qd5 Ra7 29. Qxf7 Qc4 30. Qxg7 Qf4+ 31. Kb1 Rf8 32. Rhe1 1-0

[Event "43. Olimpiada Batumi 2018 Femenina"]
[Site "Batumi GEO"]
[Date "2018.10.03"]
[Round "9.2"]
[White "Punsalan, Vyanla M"]
[Black "Stojanovic, Marija R"]
[Result "1/2-1/2"]
[WhiteElo "1932"]
[BlackElo "2113"]
[PlyCount "67"]
[EventDate "2018.09.24"]
[EventType "team-swiss"]
[EventRounds "11"]
[EventCountry "GEO"]
[SourceTitle "Ajedrez en Madrid"]
[Source "lmi"]
[SourceDate "2018.09.24"]
[WhiteTeam "New Zealand"]
[BlackTeam "Montenegro"]
[WhiteTeamCountry "NZL"]
[BlackTeamCountry "MNE"]

1. e4 g6 2. d4 Bg7 3. g3 d6 4. Bg2 Nd7 5. Ne2 e5 6. d5 Ne7 7. c4 a5 8. Nbc3 O-O
9. h4 Nc5 10. h5 c6 11. Be3 cxd5 12. cxd5 Bd7 13. Qd2 Re8 14. Kf1 b5 15. f3 b4
16. Nd1 Nc8 17. Rc1 Qe7 18. Nf2 Nb6 19. Bh3 Bxh3+ 20. Rxh3 Rac8 21. b3 Ncd7 22.
hxg6 fxg6 23. Re1 Rb8 24. Kg2 Nf8 25. Reh1 Rec8 26. Bg5 Qf7 27. Bh6 Rc7 28. Ng4
Rbc8 29. Bxg7 Qxg7 30. Qg5 Nbd7 31. Ne3 Nc5 32. Ng4 Ncd7 33. Ne3 Nc5 34. Ng4
1/2-1/2

[Event "43. Olimpiada Batumi 2018 Femenina"]
[Site "Batumi GEO"]
[Date "2018.10.03"]
[Round "9.3"]
[White "Koljevic, Nikolina"]
[Black "Zhang, Jasmine Haomo"]
[Result "1/2-1/2"]
[WhiteElo "1898"]
[BlackElo "1899"]
[PlyCount "93"]
[EventDate "2018.09.24"]
[EventType "team-swiss"]
[EventRounds "11"]
[EventCountry "GEO"]
[SourceTitle "Ajedrez en Madrid"]
[Source "lmi"]
[SourceDate "2018.09.24"]
[WhiteTeam "Montenegro"]
[BlackTeam "New Zealand"]
[WhiteTeamCountry "MNE"]
[BlackTeamCountry "NZL"]

1. e4 c5 2. Nf3 d6 3. d4 cxd4 4. Qxd4 Nc6 5. Bb5 Bd7 6. Bxc6 Bxc6 7. Nc3 e6 8.
Bg5 Qc7 9. O-O-O b5 10. Qd3 a6 11. Rhe1 f6 12. Be3 Kf7 13. Bf4 e5 14. Nd5 Qb7
15. Be3 Ne7 16. Nxe7 Qxe7 17. Nd2 Qe6 18. Qb3 Qxb3 19. axb3 d5 20. exd5 Bxd5
21. f3 Rc8 22. Kb1 Be7 23. Ne4 Rhd8 24. Bb6 Rd7 25. Nc3 Bb4 26. Re3 Be6 27.
Rxd7+ Bxd7 28. Rd3 Bf5 29. Ne4 Rc6 30. Be3 Ke6 31. Bd2 Be7 32. g4 Bg6 33. Be3
h5 34. h3 f5 35. gxf5+ Bxf5 36. Rd2 g6 37. Rg2 Kf7 38. Rh2 Bh4 39. Bf2 Be7 40.
h4 Ke6 41. Be3 Rc8 42. Ng5+ Kf6 43. f4 Bd6 44. Rd2 Rc6 45. fxe5+ Bxe5 46. Nf3
Ke6 47. Nxe5 1/2-1/2

[Event "43. Olimpiada Batumi 2018 Femenina"]
[Site "Batumi GEO"]
[Date "2018.10.03"]
[Round "9.4"]
[White "Qin, Joy Shu Yan"]
[Black "Radosevic, Nevena"]
[Result "1/2-1/2"]
[WhiteElo "1727"]
[BlackElo "1600"]
[PlyCount "81"]
[EventDate "2018.09.24"]
[EventType "team-swiss"]
[EventRounds "11"]
[EventCountry "GEO"]
[SourceTitle "Ajedrez en Madrid"]
[Source "lmi"]
[SourceDate "2018.09.24"]
[WhiteTeam "New Zealand"]
[BlackTeam "Montenegro"]
[WhiteTeamCountry "NZL"]
[BlackTeamCountry "MNE"]

1. e4 c5 2. c3 Nf6 3. e5 Nd5 4. d4 cxd4 5. Nf3 e6 6. cxd4 d6 7. Bc4 Be7 8. O-O
O-O 9. Nc3 dxe5 10. Nxe5 Nc6 11. Nf3 Nxc3 12. bxc3 Qc7 13. Bd3 Rd8 14. Re1 b6
15. Qe2 Bb7 16. Ng5 g6 17. Qe3 Bxg5 18. Qxg5 Rd5 19. Qf6 Qd8 20. Qf3 Na5 21.
Be4 Rf5 22. Qe2 Bxe4 23. Qxe4 Qd5 24. Bf4 Qxe4 25. Rxe4 Rc8 26. Rc1 Rd5 27. h3
Nc4 28. Re2 g5 29. Bg3 Rc6 30. f4 h6 31. Kh1 Kg7 32. fxg5 hxg5 33. Rce1 Na3 34.
Rc1 f6 35. Bf2 Kf7 36. Rce1 Nc4 37. Bg3 Na3 38. Bf2 Nc4 39. Bg3 Na3 40. Bf2 Nc4
41. Bg3 1/2-1/2

[Event "43. Olimpiada Batumi 2018 Femenina"]
[Site "Batumi GEO"]
[Date "2018.10.03"]
[Round "9.1"]
[White "Granados Diaz, Maria Esther"]
[Black "Mencos Castillo, Maria"]
[Result "1-0"]
[WhiteElo "1817"]
[BlackElo "1888"]
[PlyCount "99"]
[EventDate "2018.09.24"]
[EventType "team-swiss"]
[EventRounds "11"]
[EventCountry "GEO"]
[SourceTitle "Ajedrez en Madrid"]
[Source "lmi"]
[SourceDate "2018.09.24"]
[WhiteTeam "Nicaragua"]
[BlackTeam "Guatemala"]
[WhiteTeamCountry "NCA"]
[BlackTeamCountry "GUA"]

1. d4 d5 2. Bg5 f6 3. Bh4 g5 4. Bg3 h5 5. h4 g4 6. Qd3 Nh6 7. e3 Nc6 8. a3 Nf5
9. Bf4 Bh6 10. Ne2 e5 11. dxe5 fxe5 12. Bxh6 Rxh6 13. e4 dxe4 14. Qxe4 Rd6 15.
Nbc3 a6 16. Rd1 Be6 17. f3 Qd7 18. Rxd6 Qxd6 19. fxg4 hxg4 20. Qxg4 O-O-O 21.
Qg5 Ncd4 22. Nxd4 exd4 23. Ne4 Qe5 24. Bd3 Bd5 25. O-O Bxe4 26. Bxe4 Qxe4 27.
Qxf5+ Qxf5 28. Rxf5 b6 29. g4 c5 30. Rf6 Kc7 31. Kf2 c4 32. Ke2 Re8+ 33. Kd2
Re4 34. Rg6 Rf4 35. h5 Rf2+ 36. Kd1 d3 37. cxd3 cxd3 38. h6 Rh2 39. g5 a5 40.
b4 axb4 41. axb4 b5 42. Rg7+ Kd6 43. h7 Kd5 44. g6 Kd4 45. Rd7+ Ke3 46. Re7+
Kd4 47. Re8 Rh1+ 48. Re1 Rh2 49. g7 Kc3 50. h8=Q 1-0

[Event "43. Olimpiada Batumi 2018 Femenina"]
[Site "Batumi GEO"]
[Date "2018.10.03"]
[Round "9.2"]
[White "Mencos, Claudia"]
[Black "Narvaez Talavera, Joanie Ellen"]
[Result "1-0"]
[WhiteElo "1996"]
[BlackElo "1670"]
[PlyCount "155"]
[EventDate "2018.09.24"]
[EventType "team-swiss"]
[EventRounds "11"]
[EventCountry "GEO"]
[SourceTitle "Ajedrez en Madrid"]
[Source "lmi"]
[SourceDate "2018.09.24"]
[WhiteTeam "Guatemala"]
[BlackTeam "Nicaragua"]
[WhiteTeamCountry "GUA"]
[BlackTeamCountry "NCA"]

1. e4 d5 2. exd5 Qxd5 3. Nc3 Qa5 4. d4 Nf6 5. Bd2 c6 6. Bd3 Bg4 7. Nge2 Bxe2 8.
Qxe2 Qc7 9. O-O-O Nbd7 10. Bc4 Nb6 11. g3 Nxc4 12. Qxc4 e6 13. Bf4 Bd6 14. Bxd6
Qxd6 15. h3 Nd5 16. Ne4 Qc7 17. Qc5 b6 18. Qa3 Rd8 19. Rhe1 Qe7 20. Qa4 Qc7 21.
Kb1 O-O 22. Qb3 Qe7 23. Qf3 c5 24. dxc5 bxc5 25. Qa3 Nb4 26. Qc3 Rc8 27. Qc4
Qc7 28. h4 Nd5 29. h5 Qb6 30. Rd3 Qb4 31. Qxb4 cxb4 32. Nd6 Rc6 33. Nb5 a5 34.
Nd4 Rc7 35. a3 Rb8 36. a4 Nb6 37. b3 Nd5 38. Nb5 Rc6 39. Kb2 Kf8 40. Re2 h6 41.
f4 Nf6 42. Re5 Rbc8 43. c4 bxc3+ 44. Rxc3 Rxc3 45. Nxc3 Ra8 46. Rb5 Ke8 47. Nb1
Nd7 48. Nd2 Nb8 49. Nc4 Nc6 50. Rb7 Nd8 51. Rc7 Ra6 52. Ka3 Kf8 53. Ne5 Ke8 54.
g4 Rd6 55. Rc5 Rd5 56. Rxd5 exd5 57. b4 axb4+ 58. Kxb4 f6 59. Nd3 Ne6 60. Kb5
Kd7 61. Kb6 d4 62. a5 Kd6 63. a6 Nc7 64. a7 Na8+ 65. Kb5 Nc7+ 66. Kc4 Kc6 67.
Kxd4 Kb7 68. Kc5 Kxa7 69. Kd6 Kb6 70. Ke7 Nd5+ 71. Kf7 Ne3 72. Nf2 Nd5 73. f5
Kc7 74. Kxg7 Kd8 75. Kxh6 Ke7 76. Kg7 Nc7 77. h6 Ne8+ 78. Kg8 1-0